MDQL
is popping MORE tags! Check the
thread
!
Quizzes
Events
Quiz Creation
Community
Videos
Private Events
Remove Ads
Sign In
Join for FREE
Feedback
Dark Mode
Quiz Categories
Sports
Geography
Music
Movies
Television
Just For Fun
Miscellaneous
History
Literature
Language
Science
Gaming
Entertainment
Religion
Holiday
For Kids
Quiz Lab
Recent
Popular Today
Quiz Kudos Today
Editor Picks
Curator Picks
Quizzes by...
Day
Popularity
Type
Ratings
Length
Year
Community
Subscriptions
Recent Discussions
Orange Saloon
Badges
Playlists
Quests
Create
Leaderboards
Showdown
Live 5
Trivia Bingo
Activity
Puzzle Library
Sporcle Events
Private Events
Virtual Trivia
Globe League
Become a Host
Pub Owners
SporcleCon
Opinionation
Our Games
Videos
Blog
Mobile Apps
Partnerships
Remove Ads and Go Orange
Feedback
Just For Fun
Clickable
Get the Picture
Humor
Quick Pick
Word Ladder
Missing Word
Mixed Word
Blitz
Minefield
This or That
Alphabet
Color
Typing
Sporcle
Puzzle
Word Play
Follow That Line
Logic
Just For Fun
Clickable
Get the Picture
Humor
Quick Pick
Word Ladder
Missing Word
Mixed Word
Blitz
Minefield
This or That
Alphabet
Color
Typing
Sporcle
Puzzle
Word Play
Follow That Line
Logic
Random Quiz
Search Sporcle
×
Quiz Lab
Quiz Lab
Just For Fun
Basketball
Type in answers that appear in a list
Type in answers that appear in a list
Classic
Best Score? Go Orange.
Fab Five of Everything Stats
Can you name the Fab Five of Everything?
By
YoThisIsBay
10m
40 Questions
2,428 Plays
2,428 Plays
2,428 Plays
Comments
Comments
Give Quiz Kudos
Give Quiz Kudos
-
- Ratings
hide this ad
More Info
Replay
Link that replays current quiz
Next Quiz
Link to next quiz in quiz playlist
You Got
0%
They Got
Avg Score
35%
Avg Friend Score
Upgrade to see
Score Distribution
Jump to the score distribution portion of the page
Score
0/40
Timer
10:00
0
Plays Today
% Correct
Victoria 'Posh' Beckham
75.8%
Mickey Mouse
72.7%
Mars
71.2%
Venus
69.6%
Jupiter
68.2%
Saturn
67.4%
Mercury
67.1%
Melanie 'Sporty' Chisholm
66.1%
Minnie Mouse
66.1%
Emma 'Baby' Bunton
65.2%
Melanie 'Scary' Brown
63.9%
Goofy
63.8%
Donald Duck
63.6%
Pluto
62.6%
Geri 'Ginger' Halliwell
54.4%
Chris Webber
49.6%
Mia Hamm
45.6%
Jalen Rose
42.5%
Juwan Howard
35.1%
Wicked
29.9%
% Correct
Rent
27.1%
The Lion King
25.9%
Brandi Chastain
25.4%
The Phantom of the Opera
21.5%
Jimmy King
20.9%
Ray Jackson
20.4%
Simon Le Bon
14.3%
Hairspray
10.2%
Roger Taylor
9%
Andy Taylor
8.8%
John Taylor
8.8%
Julie Foudy
7.1%
Nick Rhodes
5.3%
Carson Kressley
5.1%
Ted Allen
4.4%
Kristine Lilly
4%
Jai Rodriguez
3%
Kyan Douglas
1.6%
Joy Fawcett
1.5%
Thom Filicia
1.2%
Quiz Playlist
Details
Report
Send in Message
Add To Playlist
More Info:
These groups have all been known as the "Fab Five" at one time or another.
Classic:
Type in answers that appear in a list
Quiz Source
Last Updated: Feb 16, 2017
Quiz Scoreboard
CHALLENGE
Sign Up to Join the Scoreboard
Show All
Scores
Hide
Comments
May contain spoilers
Recently Published
5x2 Blitz: Bands
by SL_Kpop136
Music
30s
Colored Red Africa Blitz
by spor1
Geography
30s
Find the 'City' Movie
by crazypaving
Movies
60s
More to Explore
Quiz From the Vault
Featured Blog Post
14 Easter Pick-up Lines to Find Eggs With
hide this ad
You Might Also Like...
Tags
Basketball Quiz
Disney Quiz
Musical Quiz
NCAA Quiz
Duran Duran
Fab Five
planet
Queer
Spice Girls
Today's Top Quizzes in Just For Fun
Browse Just For Fun
hide this ad
Today's Top Quizzes in Basketball
Browse Basketball
Top Contributed Quizzes in Just For Fun
1
Name Just One - 10 to 1: Just For Fun
2
Survivor Winners Logic Puzzle
3
Missing Word: 2-Letter A-Z II
4
Avatar the Last Airbender: Logic Puzzle
5
Shadowhunters Protagonists Logic Quiz
6
Quick 5-Color Logic (18)
7
Medium Renzoku Puzzle 11
8
Ultimate Minefield Blitz VIII
9
Ice Cream Logic Puzzle
10
Ultimate Minefield Blitz XXVIII
Explore More
Trending Topics
Harry Potter
Disney
Kpop
Anime
NBA
Crossword
Marvel
NFL
Puzzle
Country
WWE
The Office
Song
Soccer
Pokémon
hide this ad
More By:
YoThisIsBay
Quiz
Plays
Rating
Category
Featured
Created
NBA Rebound Leaders by Season
7,704
3.94
Sports
Feb 8, 2010
Will Smith Movies by Antonym
4,497
2.51
Movies
Jan 27, 2010
Fab Five of Everything
2,428
2.63
Just For Fun
Oct 21, 2010
Smallest Division I Basketball Schools
2,141
3.60
Sports
Mar 12, 2010
Songs That Sound Dirty Fill In The Blank
1,365
2.86
Music
Feb 27, 2010
Go to Creator's Profile
Score Distribution
Quiz Creator Spotlight
YoThisIsBay
Follow
Send a Message
Quizzes Created
-
Created Quiz Play Count
-
More By This Creator
Popular Quizzes Today
1
Find the 'City' Movie
2
5x2 Blitz: Bands
3
Colored Red Africa Blitz
4
Find the US States - No Outlines Minefield
5
The Countries of the World
6
Find the US States
7
9x9 Crossword: Cartoon Network
8
US States
More Just For Fun Quizzes
Flags Color Mix II
Quiz Lab
Trending Quizzes
Colored Red Europe Blitz I
Colored Red Africa Blitz II
Colored Red Europe Blitz III
Colored Red Europe Blitz II
Colored Red Africa Blitz III
Recently Updated
Champions League XIs: Real Madrid
pecheneg
Largest US Cities 1790-2010
pecheneg
Rides in Walt Disney World
pecheneg
Most Oscar Losses (Acting)
pecheneg
Beyoncé Albums
pecheneg
Leaping Animals
pecheneg
Reality TV Shows (A-Z)
bhenderson79
Rickey Henderson's Hall of Fame Teammates
pecheneg
Champions League XIs: Arsenal
pecheneg
Quick Pick: Celebrities in WWE's Hall of Fame
aduchscher
Trending Topics
Harry Potter
NBA
Crossword
Marvel
Kpop
Disney
Anime
Puzzle
Pokémon
Soccer
WWE
Country
The Office
Song
NFL
Your Account Isn't Verified!
In order to create a playlist on Sporcle, you need to verify the email address you used during registration. Go to your
Sporcle Settings
to finish the process.
Report this User
Report this user for behavior that violates our
Community Guidelines
.
Details:
Send Report
Go to the Sporcle.com Mobile Site →
Comments